000 00241nam a2200121Ia 4500
003 LDD
040 _cLDD
041 _aen
245 0 _aMedia Culture and Society
260 _c1 Jan-30 Jun,2006
362 _a28-28
_b01-Mar
942 _2ddc
_cJ
999 _c179340
_d179340